| 000 | 00354nam a2200133Ia 4500 | ||
|---|---|---|---|
| 005 | 20260326100036.0 | ||
| 008 | 260326s9999||||xx |||||||||||||| ||und|| | ||
| 100 | _aGonzález Pozo, Alberto | ||
| 245 | 0 |
_aEnrique de la Mora : _b Vida y Obra / _cAlberto González Pozo |
|
| 260 | _bEditora Pérez | ||
| 300 | _a109 p. | ||
| 650 | _aARQUITECTOS | ||
| 942 | _cBK | ||
| 999 |
_c6807 _d6807 |
||